01403nam a22003254a 4500001001200000003000800012006001900020007001500039008004100054010001700095020002200112040002100134035002100155050002500176082002600201245021600227260005500443300001500498504005100513533015200564650003800716650004000754650004300794655002900837700002900866700002200895710001700917856012600934999001701060ebr10041069CaPaEBRm u cr cn|||||||||990506s1999 dcu sb 001 0 eng  z 99006488  z0309064805 (pbk.) aCaPaEBRcCaPaEBR a(OCoLC)61474112414aRA645.C3bE57 1999eb04a362.1/96994/0097322100aEnsuring quality cancer careh[electronic resource] /cMaria Hewitt and Joseph V. Simone, editors ; National Cancer Policy Board, Institute of Medicine and Commission on Life Sciences, National Research Council. aWashington, D.C. :bNational Academy Press,c1999. aix, 246 p. aIncludes bibliographical references and index. aElectronic reproduction.bPalo Alto, Calif. :cebrary,d2013.nAvailable via World Wide Web.nAccess may be limited to ebrary affiliated libraries. 0aCancerxTreatmentzUnited States. 0aCancerxTreatmentxQuality control. 0aCancerxPatientsxCarezUnited States. 7aElectronic books.2local1 aHewitt, Maria Elizabeth.1 aSimone, Joseph V.2 aebrary, Inc.40uhttp://site.ebrary.com/lib/rucke/Doc?id=10041069zAn electronic book accessible through the World Wide Web; click to view c60702d60702